| 000 | 00935nam a2200289Ia 4500 | ||
|---|---|---|---|
| 003 | OSt | ||
| 005 | 20221005062553.0 | ||
| 006 | a|||||r|||| 00| 0 | ||
| 007 | ta | ||
| 008 | 221004b |||||||| |||| 00| 0 eng d | ||
| 020 |
_a9780761943921 (pbk) _c2578.24 |
||
| 024 | _a87418 | ||
| 037 |
_b402, 13/03/2007, Bhartiya Sahitya Bhawan _cTextual |
||
| 040 |
_aCRL _cCRL _beng |
||
| 041 |
_2eng _aeng |
||
| 082 | _aW:(Y48), P6 | ||
| 100 |
_aClegg Stewart R. _9126284 |
||
| 245 | 0 | _aPower and organizations | |
| 260 |
_aLondon _bSage Publication U. K. _c2006 |
||
| 300 |
_ax, 457p. _ccm. |
||
| 490 | _aFoundations for organizational science | ||
| 650 | _aPOLITICAL SCIENCE | ||
| 700 |
_a Courpasson David _9601967 |
||
| 700 |
_a Phillips Nelson _9601968 |
||
| 942 |
_hW:(Y48), P6 _cTEXL _2cc |
||
| 999 |
_c969890 _d969890 |
||